[Event "Nordic-ch Seniors"]
[Site "Sastamala"]
[Date "2016.10.29"]
[Round "8"]
[White "Jonsson, Sigurdur H"]
[Black "Westerinen, Heikki MJ"]
[Result "0-1"]
[WhiteElo "1850"]
[BlackElo "2302"]
[PlyCount "70"]
[EventDate "2016.10.22"]
[EventType "swiss"]
[EventRounds "9"]
[EventCountry "FIN"]
[SourceTitle "EXT 2018"]
[Source "ChessBase"]
[SourceDate "2017.10.13"]
[SourceVersion "1"]
[SourceVersionDate "2017.10.13"]
[SourceQuality "1"]

1. d4 Nf6 2. c4 g6 3. Nc3 Bg7 4. e4 d6 5. Be2 0-0 6. Bg5 h6 7. Be3 e5 8. d5 Nbd7 9. Qd2 Kh7 10. h3 Nc5 11. Bf3 a5 12. Nge2 Nfd7 13. g4 Nb6 14. b3 f5 15. Bxc5 dxc5 16. gxf5 gxf5 17. Rd1 f4 18. Nc1 a4 19. Ke2 Bd7 20. Rdg1 axb3 21. axb3 Qe7 22. Nd3 Nc8 23. Bg4 Bxg4+ 24. hxg4 f3+ 25. Kf1 Ra1+ 26. Ne1 Qf6 27. Qb2 Qa6 28. g5 Rf4 29. gxh6 Bf6 30. Rg3 Nd6 31. Qc2 Nxc4 32. bxc4 Qxc4+ 33. Kg1 Rxe1+ 34. Kh2 Rxh1+ 35. Kxh1 Qf1+ 0-1

[Event "Nordic-ch Seniors"]
[Site "Sastamala"]
[Date "2016.10.24"]
[Round "3"]
[White "Jonsson, Sigurdur H"]
[Black "Linqvist, Grels"]
[Result "0-1"]
[WhiteElo "1850"]
[BlackElo "2059"]
[PlyCount "114"]
[EventDate "2016.10.22"]
[EventType "swiss"]
[EventRounds "9"]
[EventCountry "FIN"]
[SourceTitle "EXT 2018"]
[Source "ChessBase"]
[SourceDate "2017.10.13"]
[SourceVersion "1"]
[SourceVersionDate "2017.10.13"]
[SourceQuality "1"]

1. d4 d5 2. c4 e6 3. Nc3 Nf6 4. cxd5 exd5 5. Bg5 c6 6. Qc2 Be7 7. e3 Nbd7 8. Bd3 Nf8 9. Nge2 Ne6 10. Bh4 g6 11. 0-0 0-0 12. Rab1 Ng7 13. b4 a6 14. a4 Bf5 15. Bxf6 Bxf6 16. b5 axb5 17. axb5 Bxd3 18. Qxd3 Nf5 19. bxc6 bxc6 20. Rfc1 Nd6 21. Rb3 Ra5 22. h3 Qa8 23. Qc2 Re8 24. Nf4 Kg7 25. Nd3 Nc4 26. Nc5 Be7 27. Nd3 Bd6 28. Nd1 Ra2 29. Qc3 Na5 30. Rb2 Ra3 31. Qc2 Nc4 32. Rb3 Ra2 33. Qc3 Na5 34. Rb2 Ra3 35. Qc2 Nc4 36. Rb3 Rb8 37. Rxb8 Qxb8 38. Rb1 Qa7 39. N1b2 Ra2 40. Qc3 Ra1 41. Qe1 Rxb1 42. Qxb1 Qa3 43. g3 Qb3 44. Qd1 Qa3 45. Qc2 Qa2 46. Qa4 Qb1+ 47. Qd1 Qa2 48. Qa4 Ba3 49. Nxc4 dxc4 50. Ne5 c3 51. d5 c2 52. Nd3 Qa1+ 53. Kg2 c1Q 54. Nxc1 Qxc1 55. Qd4+ Kg8 56. d6 Qc5 57. d7 Qxd4 0-1

[Event "Nordic-ch Seniors"]
[Site "Reykjavik"]
[Date "2011.09.18"]
[Round "9"]
[White "Jonsson, Sigurdur H"]
[Black "Kristjansson, Sigurdur"]
[Result "0-1"]
[WhiteElo "1836"]
[BlackElo "1924"]
[PlyCount "55"]
[EventDate "2011.09.10"]
[EventType "swiss"]
[EventRounds "9"]
[EventCountry "ISL"]
[SourceTitle "CBM 144 Extra"]
[Source "ChessBase"]
[SourceDate "2011.10.28"]
[SourceVersion "1"]
[SourceVersionDate "2011.10.28"]
[SourceQuality "1"]

1. d4 f5 2. Nc3 Nf6 3. Bf4 e6 4. e3 Be7 5. Bd3 d5 6. Nf3 0-0 7. 0-0 Ne4 8. Ne2 b6 9. c4 g5 10. Be5 g4 11. Nd2 Nd7 12. cxd5 Nxe5 13. dxe5 Nxd2 14. Qxd2 Qxd5 15. Nc3 Qxe5 16. e4 f4 17. Rad1 a6 18. Kh1 Bb7 19. Qe2 h5 20. Bc2 f3 21. gxf3 Rxf3 22. Rg1 Raf8 23. Rg3 Rxf2 24. Qe3 Bd6 25. Rdg1 R8f4 26. Nd5 exd5 27. Bb3 Qxe4+ 28. Qxe4 0-1

[Event "Nordic-ch Seniors"]
[Site "Reykjavik"]
[Date "2011.09.15"]
[Round "6"]
[White "Gardarsson, Halldor"]
[Black "Jonsson, Sigurdur H"]
[Result "0-1"]
[WhiteElo "1950"]
[BlackElo "1836"]
[PlyCount "114"]
[EventDate "2011.09.10"]
[EventType "swiss"]
[EventRounds "9"]
[EventCountry "ISL"]
[SourceTitle "CBM 144 Extra"]
[Source "ChessBase"]
[SourceDate "2011.10.28"]
[SourceVersion "1"]
[SourceVersionDate "2011.10.28"]
[SourceQuality "1"]

1. Nf3 c5 2. e4 e6 3. d4 cxd4 4. Nxd4 a6 5. Nc3 Nc6 6. Be3 Nge7 7. Nb3 b5 8. a3 Ng6 9. f4 Bb7 10. g3 Rc8 11. Bg2 Be7 12. 0-0 Na5 13. f5 Nc4 14. Qe1 Nxe3 15. Qxe3 Ne5 16. fxe6 dxe6 17. Kh1 0-0 18. Qe2 Nc4 19. Nd1 Qc7 20. Nd4 Rfd8 21. c3 Bg5 22. Rf3 e5 23. Nb3 Rd6 24. Nf2 Nd2 25. Nxd2 Rxd2 26. Qe1 Rcd8 27. Rd1 Rxb2 28. Rxd8+ Qxd8 29. Rd3 Qe7 30. h4 Bf6 31. Ng4 Qxa3 32. Nxf6+ gxf6 33. Rd8+ Kg7 34. Qd1 f5 35. Qc1 h6 36. Rd7 Ra2 37. Qxa3 Rxa3 38. exf5 Bxg2+ 39. Kxg2 Rxc3 40. Rd6 Ra3 41. Rb6 h5 42. Kf2 b4 43. Rxb4 Kf6 44. Rb7 a5 45. Ra7 a4 46. Kg2 e4 47. Kf2 Rf3+ 48. Kg2 a3 49. Ra5 Rb3 50. Kf2 Rc3 51. Kg2 Rc2+ 52. Kh3 a2 53. g4 Rc3+ 54. Kg2 hxg4 55. Rxa2 Kxf5 56. Ra7 f6 57. h5 Rh3 0-1

[Event "Nordic-ch Seniors"]
[Site "Reykjavik"]
[Date "2011.09.14"]
[Round "5"]
[White "Jonsson, Sigurdur H"]
[Black "Rangoy, Helge"]
[Result "1/2-1/2"]
[WhiteElo "1836"]
[BlackElo "1944"]
[PlyCount "161"]
[EventDate "2011.09.10"]
[EventType "swiss"]
[EventRounds "9"]
[EventCountry "ISL"]
[SourceTitle "CBM 144 Extra"]
[Source "ChessBase"]
[SourceDate "2011.10.28"]
[SourceVersion "1"]
[SourceVersionDate "2011.10.28"]
[SourceQuality "1"]

1. d4 d5 2. c4 e6 3. Nc3 h6 4. cxd5 exd5 5. Nf3 Nf6 6. Bf4 Bb4 7. Qb3 Nc6 8. e3 0-0 9. Rc1 Qe7 10. Bb5 Na5 11. Qa4 c6 12. Bd3 b5 13. Qc2 Ne4 14. Bxe4 dxe4 15. Nd2 f5 16. d5 Bb7 17. dxc6 Bxc6 18. a3 Bd6 19. Bxd6 Qxd6 20. Ne2 Bd5 21. Nd4 a6 22. 0-0 Nc4 23. Nxc4 Bxc4 24. Rfd1 Qf6 25. b3 Bd3 26. Qc5 f4 27. Qd5+ Kh8 28. Rc6 Qf7 29. Qxf7 Rxf7 30. exf4 Rxf4 31. Ne6 Rf6 32. Rdc1 Re8 33. Nd4 e3 34. Rxf6 gxf6 35. fxe3 Rxe3 36. Rc6 Kg7 37. Rxa6 Kg6 38. b4 Bc4 39. Kf2 Rd3 40. Nf3 Kf5 41. h3 Rc3 42. g4+ Kg6 43. h4 Rc2+ 44. Kg3 Rc3 45. Kf4 Kf7 46. Nd4 Bd3 47. Ra7+ Kg8 48. Ra6 Kf7 49. Ra5 Bc4 50. Nf5 Bd5 51. Ra7+ Kf8 52. Ne3 Bb3 53. Ke4 Ba4 54. Kd4 Rxa3 55. Nd5 Rh3 56. h5 f5 57. gxf5 Rxh5 58. Ke5 Bc2 59. Ne3 Bb3 60. Kf6 Ke8 61. Ng4 Bc2 62. Re7+ Kd8 63. Re5 Rh4 64. Rd5+ Ke8 65. Ne3 Ba4 66. Re5+ Kd8 67. Kg7 Rxb4 68. Kxh6 Rb1 69. f6 Rh1+ 70. Kg7 Rg1+ 71. Kf8 b4 72. f7 Bb3 73. Re8+ Kc7 74. Re7+ Kd8 75. Re8+ Kc7 76. Re7+ Kc6 77. Ke8 Bxf7+ 78. Kxf7 Kc5 79. Rc7+ Kb6 80. Rc4 Ka5 81. Nc2 1/2-1/2

[Event "Reykjavik Skakmot Odlinga op"]
[Site "Reykjavik"]
[Date "2009.04.29"]
[Round "4"]
[White "Fridthjofsdottir, Sigurlaug Regina"]
[Black "Jonsson, Sigurdur H"]
[Result "0-1"]
[WhiteElo "1789"]
[BlackElo "1879"]
[PlyCount "80"]
[EventDate "2009.04.08"]
[EventType "swiss"]
[EventRounds "7"]
[EventCountry "ISL"]
[SourceTitle "EXT 2010"]
[Source "ChessBase"]
[SourceDate "2010.11.25"]
[SourceVersion "1"]
[SourceVersionDate "2010.11.25"]
[SourceQuality "1"]

1. e4 c5 2. c3 Nf6 3. e5 Nd5 4. d4 cxd4 5. cxd4 e6 6. Nf3 b6 7. Bc4 Bb7 8. 0-0 Qc7 9. Bb3 d6 10. Bd2 Nd7 11. Nc3 Nxc3 12. Bxc3 dxe5 13. Nxe5 Nxe5 14. dxe5 Bc5 15. Qg4 0-0 16. Rac1 Qe7 17. Bd2 Rfd8 18. Bh6 Qf8 19. Rfd1 Kh8 20. Bg5 Rxd1+ 21. Rxd1 Be7 22. Bxe7 Qxe7 23. h4 Rc8 24. Qd4 Kg8 25. Qd7 Kf8 26. Qxe7+ Kxe7 27. Ba4 Bd5 28. g3 Rc5 29. b4 Rc3 30. Bb5 Rc2 31. a4 Rb2 32. Rc1 Rxb4 33. Kf1 Kd8 34. f4 Rb3 35. f5 Rf3+ 36. Ke2 Rxf5 37. Ba6 Rxe5+ 38. Kd3 Bg2 39. Rc8+ Kd7 40. Rg8 Bf1+ 0-1

[Event "Reykjavik TR-chC"]
[Site "Reykjavik"]
[Date "2008.11.12"]
[Round "8"]
[White "Sigurdsson, Jakob Saevar"]
[Black "Jonsson, Sigurdur H"]
[Result "1-0"]
[WhiteElo "1817"]
[BlackElo "1878"]
[PlyCount "124"]
[EventDate "2008.10.26"]
[EventType "tourn"]
[EventRounds "9"]
[EventCountry "ISL"]
[SourceTitle "EXT 2010"]
[Source "ChessBase"]
[SourceDate "2010.11.25"]
[SourceVersion "1"]
[SourceVersionDate "2010.11.25"]
[SourceQuality "1"]

1. e4 Nf6 2. e5 Nd5 3. c4 Nb6 4. d4 d6 5. exd6 cxd6 6. Nc3 g6 7. Be3 Bg7 8. Rc1 0-0 9. b3 Nc6 10. d5 Ne5 11. Be2 f5 12. f4 Ng4 13. Bd4 e5 14. dxe6 Bxe6 15. Nf3 Re8 16. 0-0 Bf7 17. Qd2 d5 18. c5 Nd7 19. Ng5 Bxd4+ 20. Qxd4 Qf6 21. Qxf6 Ndxf6 22. Nxf7 Kxf7 23. Bf3 Rad8 24. Rfd1 Ne3 25. Rd3 Re7 26. Re1 d4 27. Nb5 Nc2 28. Rxe7+ Kxe7 29. Bxb7 Nb4 30. Rxd4 Rxd4 31. Nxd4 Nxa2 32. c6 Ne8 33. Nb5 Kd8 34. Nxa7 Nc3 35. Kf2 Nd6 36. Ba6 Kc7 37. Ke3 Kb6 38. Nc8+ Kxc6 39. Nxd6 Kxd6 40. g3 h6 41. Kd4 Nd5 42. Bc4 Ne7 43. b4 Nc6+ 44. Kc3 g5 45. Bd3 gxf4 46. gxf4 Ne7 47. Kc4 Nd5 48. Bxf5 Nxf4 49. Be4 Ne6 50. b5 Kc7 51. Kd5 Ng5 52. Bd3 Kb6 53. Kd6 Nf3 54. h3 Ng5 55. h4 Nf3 56. h5 Nd4 57. Ke5 Nf3+ 58. Kf6 Ng5 59. Kg6 Nh3 60. Kf5 Kc5 61. Bf1 Nf2 62. Kg6 Ng4 1-0

[Event "Reykjavik TR-chC"]
[Site "Reykjavik"]
[Date "2008.11.07"]
[Round "6"]
[White "Jonsson, Sigurdur H"]
[Black "Sigurdsson, Pall"]
[Result "0-1"]
[WhiteElo "1878"]
[BlackElo "1867"]
[PlyCount "60"]
[EventDate "2008.10.26"]
[EventType "tourn"]
[EventRounds "9"]
[EventCountry "ISL"]
[SourceTitle "EXT 2010"]
[Source "ChessBase"]
[SourceDate "2010.11.25"]
[SourceVersion "1"]
[SourceVersionDate "2010.11.25"]
[SourceQuality "1"]

1. d4 Nf6 2. c4 g6 3. Nc3 Bg7 4. e4 d6 5. Be2 0-0 6. Bg5 h6 7. Be3 Nc6 8. Qd2 Kh7 9. h4 e5 10. d5 Nd4 11. f3 c5 12. dxc6 bxc6 13. g4 Ng8 14. Nh3 Qb6 15. Rd1 Be6 16. b3 Rad8 17. h5 gxh5 18. Ng5+ Kh8 19. Nxe6 fxe6 20. Bxd4 exd4 21. Na4 Qc7 22. Rxh5 d5 23. cxd5 Qg3+ 24. Kf1 Rxf3+ 25. Bxf3 Qxf3+ 26. Ke1 Rf8 27. Qe2 Qg3+ 28. Kd2 Rf2 29. Rdh1 Qe3+ 30. Kd1 Qxe2+ 0-1

[Event "Reykjavik TR-chC"]
[Site "Reykjavik"]
[Date "2008.11.05"]
[Round "5"]
[White "Petursson, Matthias"]
[Black "Jonsson, Sigurdur H"]
[Result "1-0"]
[WhiteElo "1896"]
[BlackElo "1878"]
[PlyCount "95"]
[EventDate "2008.10.26"]
[EventType "tourn"]
[EventRounds "9"]
[EventCountry "ISL"]
[SourceTitle "EXT 2010"]
[Source "ChessBase"]
[SourceDate "2010.11.25"]
[SourceVersion "1"]
[SourceVersionDate "2010.11.25"]
[SourceQuality "1"]

1. e4 c5 2. Nf3 e6 3. d4 cxd4 4. Nxd4 a6 5. Nc3 Qc7 6. Bd3 Nc6 7. Nb3 Nf6 8. 0-0 Ne5 9. f4 Nxd3 10. cxd3 d6 11. a4 b6 12. Be3 Nd7 13. Qg4 Bb7 14. Rac1 Qd8 15. Rc2 Nc5 16. Nxc5 dxc5 17. Rd2 Qf6 18. f5 Be7 19. fxe6 Qxe6 20. Qxg7 Rf8 21. Qxh7 0-0-0 22. Qf5 Bc6 23. d4 cxd4 24. Rxd4 Kb7 25. Qxe6 fxe6 26. Rxd8 Rxf1+ 27. Kxf1 Bxd8 28. Bd4 b5 29. axb5 axb5 30. Bc5 Be8 31. g4 Bf6 32. Ke2 Kc6 33. Bf8 Bxc3 34. bxc3 Bg6 35. Kf3 Kd7 36. Kf4 Ke8 37. Bc5 Kf7 38. h4 Kg7 39. h5 Bh7 40. Bd4+ Kh6 41. Be3 Kg7 42. Ke5 Bg8 43. g5 Bf7 44. g6 Bg8 45. Kd6 Kf6 46. e5+ Kg7 47. Ke7 Kh8 48. Kf8 1-0

[Event "Reykjavik TR-chC"]
[Site "Reykjavik"]
[Date "2008.10.31"]
[Round "3"]
[White "Oskarsson, Aron Ingi"]
[Black "Jonsson, Sigurdur H"]
[Result "0-1"]
[WhiteElo "1876"]
[BlackElo "1878"]
[PlyCount "82"]
[EventDate "2008.10.26"]
[EventType "tourn"]
[EventRounds "9"]
[EventCountry "ISL"]
[SourceTitle "EXT 2010"]
[Source "ChessBase"]
[SourceDate "2010.11.25"]
[SourceVersion "1"]
[SourceVersionDate "2010.11.25"]
[SourceQuality "1"]

1. e4 c5 2. Nf3 e6 3. c3 Nf6 4. e5 Nd5 5. d4 cxd4 6. cxd4 Nc6 7. a3 d6 8. Bc4 dxe5 9. Nxe5 Nxe5 10. dxe5 Be7 11. 0-0 0-0 12. Qg4 Qc7 13. Re1 Rd8 14. Nd2 Nb6 15. Bb3 a5 16. Nf3 a4 17. Ba2 Ra5 18. Bh6 Bf8 19. Bg5 Be7 20. Rac1 Rc5 21. Rxc5 Qxc5 22. Bf6 g6 23. Qh4 Bxf6 24. Qxf6 Qf8 25. Ng5 Nd5 26. Qf3 Qe7 27. Ne4 Kg7 28. Nd6 b6 29. Bxd5 exd5 30. Qxd5 Be6 31. Qb5 Bb3 32. Qxb6 Rd7 33. Qe3 h5 34. f4 Qe6 35. Nb5 Bc4 36. Nc3 Rd3 37. Qe4 Qb6+ 38. Kh1 Qf2 39. Rg1 Rd4 40. Qe1 Qxf4 41. Rf1 Qxf1+ 0-1